| 000 | 00671nam a22002177a 4500 | ||
|---|---|---|---|
| 003 | 0 | ||
| 005 | 20251029154621.0 | ||
| 008 | 251029b xxu||||| |||| 00| 0 eng d | ||
| 020 | _a978-1-83659-165-8 | ||
| 050 |
_aPN 4775 _b.T87 2025 |
||
| 100 |
_aTurner, Aaron, _eauthor. |
||
| 245 |
_aJournalism : _btools and techniques / _cAaron Turner. |
||
| 260 |
_aLondon, UK : _bED-Tech Press, _c2025. |
||
| 300 |
_ax, 254 pages ; _c26 cm. |
||
| 504 | _aIncludes bibliographical references and index. | ||
| 650 |
_aJournalism _xTechnique. |
||
| 650 | _aReporters and reporting. | ||
| 650 | _aFeature writing. | ||
| 650 |
_aEditing _xHandbooks, manuals, etc. |
||
| 942 |
_2lcc _cBK |
||
| 999 |
_c368414 _d368414 |
||